00480 a2200145 4500020001000000035001300010037004300023082000600066100002600072245006000098260003900158270008800197300002300285490002600308 c75.00 aB-211037 bRP-PV-4 / PANSY-07-08:5 / RP-07-08:ENG14aN1 aGardner, Erle Stanley1 aThe case of the Crying Swallowcby Erle Stanley Gardner aBangalorebMaster Mind Booksc2004 aNo. 25, Vasan Towers, Dr. TCM Royan Raode560053k080-26705679mvasanbks@bgl.net.in a146 pc18 cm (pbk) aA perry mason mystery